Del liberalismo a la democracia / (Record no. 172310)

MARC details
000 -LEADER
campo de control de longitud fija 01046nam a22002295i 4500
001 - NÚMERO DE CONTROL
campo de control 172310
003 - IDENTIFICADOR DE NÚMERO DE CONTROL
campo de control ES-MaACL
005 - FECHA Y HORA DE LA ÚLTIMA TRANSACCIÓN
campo de control 20250902085825.0
008 - DATOS DE LONGITUD FIJA--INFORMACIÓN GENERAL
campo de control de longitud fija 090625s1990 sp |||| | spa d
080 ## - NÚMERO DE LA CLASIFICACIÓN DECIMAL UNIVERSAL
Número de la Clasificación Decimal Universal 329.12
080 ## - NÚMERO DE LA CLASIFICACIÓN DECIMAL UNIVERSAL
Número de la Clasificación Decimal Universal 321.7
100 1# - ENTRADA PRINCIPAL--NOMBRE DE PERSONA
Nombre de persona Rivacoba y Rivacoba, Manuel de.
9 (RLIN) 97535
245 10 - MENCIÓN DEL TÍTULO
Título Del liberalismo a la democracia /
Mención de responsabilidad, etc. discurso leído por ... Manuel de Rivacoba y Rivacoba en el acto de su ingreso en la Real Sociedad Bascongada de los Amigos del País (Euskalerriaren Adiskideen Elkartea), celebrado en Bilbao el 11 de mayo de 1989 y contestación por... Santiago Petschen Verdaguer.
260 ## - PUBLICACIÓN, DISTRIBUCIÓN, ETC.
Lugar de publicación, distribución, etc. [S.l.] :
Nombre del editor, distribuidor, etc. Real Sociedad Bascongada de los Amirgos del Pais, Comision de Bizkaia,
Fecha de publicación, distribución, etc. [1990]
300 ## - DESCRIPCIÓN FÍSICA
Extensión 31 p. ;
Dimensiones 21 cm.
650 17 - PUNTO DE ACCESO ADICIONAL DE MATERIA--TÉRMINO DE MATERIA
Término de materia o nombre geográfico como elemento de entrada Liberalismo
Fuente del encabezamiento o término embne
9 (RLIN) 14386
650 #7 - PUNTO DE ACCESO ADICIONAL DE MATERIA--TÉRMINO DE MATERIA
Término de materia o nombre geográfico como elemento de entrada Democracia
Fuente del encabezamiento o término embne
9 (RLIN) 11574
700 1# - ENTRADA AGREGADA--NOMBRE PERSONAL
Nombre de persona Petschen, Santiago.
9 (RLIN) 91561
710 2# - ENTRADA AGREGADA--NOMBRE DE ENTIDAD CORPORATIVA
Nombre de entidad corporativa o nombre de jurisdicción como elemento de entrada Real Sociedad Bascongada de los Amigos del País.
Unidad subordinada Comisión de Vizcaya
9 (RLIN) 6370
852 ## - LOCALIZACIÓN
Ubicación ES-MaACL
Número de control de estantería 2251-F-17
itemnumber R.117947
Holdings
Estatus retirado Estado de pérdida Estado de daño No para préstamo Colección Biblioteca de origen Biblioteca actual Ubicación en estantería Fecha de adquisición Fuente de adquisición Total de préstamos Signatura topográfica completa Código de barras Visto por última vez Precio de reemplazo Tipo de ítem Koha
        Colección de folletos Biblioteca del Ateneo de Madrid Biblioteca del Ateneo de Madrid Depósito folletos 25/06/2009     2251-F-17 1180826 23/02/2023 23/02/2023 Folleto